000 00621nam a2200229Ia 4500
003 OSt
005 20220925224516.0
006 a|||||r|||| 00| 0
007 ta
008 220923b |||||||| |||| 00| 0 eng d
037 _cGeneral Book
040 _aRTL
_cRTL
_beng
041 _2eng
_aeng
082 _aX:75, K0/SC
100 _aDOBB Maurice
245 0 _aEssay on economic growth and planning.
260 _aLondon
_bRoutledge &Kegan Paul
_c1960
300 _avii,119p.
_ccm.
500 _aAppendix :104-114
942 _hX:75, K0/SC
_cGB
_2CC
999 _c581613
_d581613